000 00700nam a22002057a 4500
003 OSt
005 20260121032311.0
008 251216b |||||||| |||| 00| 0 eng d
020 _a971-569-240-0
040 _aDWCL Main Lib.
_cOC
082 _aSC. 574.529 W646 1997
110 _aWildlife Conservation Society of the Philippines, Inc.
245 _aPhilippine red data book/
_cWildlife Conservation Society of the Philippines, Inc.
260 _aMakati City, Philippines :
_bBookmark, Inc.,
_cc1997.
300 _axxi 262 p. ;
_c23 cm.
500 _aInclude index.
650 _a1. Endangered species.
650 _a2. Biological diversity conservation. I. Title.
942 _2ddc
_cSC
_kSC.
_n0
999 _c7123
_d7123